| 000 | 00370nam a22001577a 4500 | ||
|---|---|---|---|
| 003 | SGT | ||
| 020 | _a978-93-832 | ||
| 082 |
_a615.19 _bE17S |
||
| 100 | _aSHAH, BIREN.N | ||
| 245 | _aEXPERIMENTAL ORGANIC AND MEDICINAL CHEMISTRY | ||
| 260 |
_aJALANDHAR _bS. VIKASH _c2017 |
||
| 300 | _a202 | ||
| 650 | _aPHARMACY | ||
| 653 | _aMEDICINAL CHEMISTRY | ||
| 942 |
_2ddc _cBK _025 |
||
| 999 |
_c13616 _d13616 |
||